Predominant Religion of Countries of the World - Statistics

General Stats
  • This quiz has been taken 108 times
  • The average score is 129 of 194
Answer Stats
Country Answer % Correct
Canada Catholicism
99%
Mexico Catholicism
97%
Guatemala Catholicism
97%
Belize Catholicism
96%
El Salvador Catholicism
96%
Honduras Catholicism
96%
Nicaragua Catholicism
96%
Costa Rica Catholicism
96%
Panama Catholicism
96%
USA Protestant
96%
Haiti Catholicism
93%
Dominican Republic Catholicism
93%
Cuba Catholicism
91%
Dominica Catholicism
91%
Saint Lucia Catholicism
91%
Colombia Catholicism
91%
Venezuela Catholicism
91%
Jamaica Protestant
91%
Antigua and Barbuda Protestant
91%
Saint Kitts and Nevis Protestant
91%
Bahamas Protestant
90%
Saint Vincent and the Grenadines Protestant
90%
Barbados Protestant
90%
Grenada Protestant
90%
Trinidad and Tobago Protestant
90%
Ecuador Catholicism
87%
Peru Catholicism
87%
Brazil Catholicism
87%
Bolivia Catholicism
87%
Chile Catholicism
87%
Paraguay Catholicism
87%
Argentina Catholicism
87%
Uruguay Catholicism
87%
Portugal Catholicism
85%
Spain Catholicism
85%
Andorra Catholicism
85%
France Catholicism
85%
Monaco Catholicism
85%
Italy Catholicism
85%
Vatican City Catholicism
85%
San Marino Catholicism
85%
Malta Catholicism
85%
Switzerland Catholicism
85%
Liechtenstein Catholicism
85%
Germany Catholicism
85%
Luxembourg Catholicism
85%
Belgium Catholicism
85%
Ireland Catholicism
84%
Netherlands Catholicism
84%
Denmark Protestant
84%
Iceland Protestant
84%
United Kingdom Protestant
84%
Norway Protestant
84%
Poland Catholicism
82%
Sweden Protestant
82%
Finland Protestant
82%
Suriname Catholicism
81%
Slovenia Catholicism
78%
Slovakia Catholicism
78%
Hungary Catholicism
78%
Czech Republic Catholicism
78%
Russia Russian Orthodox
78%
Azerbaijan Shia Islam
78%
Bahrain Shia Islam
78%
Iraq Shia Islam
78%
Iran Shia Islam
78%
Turkey Sunni Islam
78%
Syria Sunni Islam
78%
Jordan Sunni Islam
78%
Lebanon Sunni Islam
78%
Palestine Sunni Islam
78%
Saudi Arabia Sunni Islam
78%
Yemen Sunni Islam
78%
Oman Sunni Islam
78%
United Arab Emirates Sunni Islam
78%
Qatar Sunni Islam
78%
Kuwait Sunni Islam
78%
Afghanistan Sunni Islam
78%
Kazakhstan Sunni Islam
78%
Kyrgyzstan Sunni Islam
78%
Tajikistan Sunni Islam
78%
Turkmenistan Sunni Islam
78%
Uzbekistan Sunni Islam
78%
Pakistan Sunni Islam
78%
Lithuania Catholicism
76%
Austria Catholicism
76%
Croatia Catholicism
76%
India Hinduism
76%
Nepal Hinduism
76%
Israel Judaism
76%
Bangladesh Sunni Islam
76%
Albania Sunni Islam
75%
Kosovo Sunni Islam
75%
Maldives Sunni Islam
75%
Bhutan Buddhism
73%
Ukraine Eastern Orthadox
73%
Romania Eastern Orthodox
73%
Latvia Protestant
73%
Bosnia and Herzegovina Sunni Islam
73%
Sri Lanka Buddhism
72%
Moldova Eastern Orthodox
72%
Bulgaria Eastern Orthodox
72%
Belarus Eastern Orthadox
70%
Montenegro Eastern Orthodox
70%
Serbia Eastern Orthodox
70%
Georgia Georgian Orthodox
70%
Thailand Buddhism
69%
Cambodia Buddhism
69%
Laos Buddhism
69%
Cyprus Greek Orthodox
69%
Myanmar Buddhism
67%
Indonesia Sunni Islam
67%
Philippines Catholicism
66%
Australia Catholicism
66%
Estonia Eastern Orthadox
64%
New Zealand Protestant
64%
Brunei Sunni Islam
64%
Malaysia Sunni Islam
63%
East Timor Catholicism
61%
Guyana Hindu
61%
Solomon Islands Protestant
61%
Vanuatu Protestant
61%
Fiji Protestant
61%
Tonga Protestant
61%
Samoa Protestant
60%
Kiribati Catholicism
58%
Tuvalu Protestant
58%
Marshall Islands Protestant
58%
Japan Buddhism
57%
Micronesia Catholicism
57%
Palau Catholicism
57%
Nauru Protestant
57%
South Africa Protestant
57%
Singapore Buddhism
55%
Papua New Guinea Catholicism
55%
Greece Greek Orthodox
55%
South Korea Protestant
52%
Mauritius Hinduism
51%
Seychelles Catholicism
49%
Eswatini Protestant
48%
Morocco Sunni Islam
48%
Armenia Armenian Apostolic
46%
Angola Catholicism
46%
Mozambique Catholicism
46%
Malawi Catholicism
46%
Burundi Catholicism
46%
Rwanda Catholicism
46%
Democratic Republic of the Congo Catholicism
46%
Republic of the Congo Catholicism
46%
Zimbabwe Protestant
46%
Botswana Protestant
46%
Namibia Protestant
46%
Zambia Protestant
46%
Niger Sunni Islam
46%
Nigeria Sunni Islam
46%
Mali Sunni Islam
46%
Mauritania Sunni Islam
46%
Tanzania Catholicism
45%
Gabon Catholicism
45%
Equitorial Guinea Catholicism
45%
Sao Tome and Principe Catholicism
45%
Somalia Sunni Islam
45%
Djibouti Sunni Islam
45%
Sudan Sunni Islam
45%
Chad Sunni Islam
45%
Egypt Sunni Islam
45%
Libya Sunni Islam
45%
Tunisia Sunni Islam
45%
Algeria Sunni Islam
45%
Lesotho Catholicism
43%
Uganda Catholicism
43%
Kenya Protestant
43%
Burkina Faso Sunni Islam
43%
Ghana Protestant
42%
Cape Verde Catholicism
40%
Ivory Coast Sunni Islam
40%
South Sudan Protestant
39%
Liberia Protestant
39%
Sierra Leone Sunni Islam
39%
Guinea Sunni Islam
39%
Senegal Sunni Islam
39%
Gambia Sunni Islam
39%
Guinea-Bissau Sunni Islam
37%
Central African Republic Catholicism
36%
Cameroon Catholicism
36%
Togo Catholicism
36%
Eritrea Sunni Islam
30%
North Macedonia Macedonian Orthodox
28%
Benin Catholicism
25%
China Chinese Folk Religion
22%
Vietnam Vietnamese Folk Religion
18%
Comoros Sunni Islam
9%
Madagascar Madagascar Folk Religion
7%
Ethiopia Ethiopian Orthodoxy
0%
No matching quizzes found
Score Distribution
Percent of People with Each Score
Percentile by Number Answered
Your Score History
You have not taken this quiz